Normal view
MARC view
- حسن، علي عبد الستار علي
Entry Personal Name
001 - CONTROL NUMBER
- control field: 30668
003 - CONTROL NUMBER IDENTIFIER
- control field: JO-AjAnu
005 - DATE AND TIME OF LATEST TRANSACTION
- control field: 20230606075155.0
008 - FIXED-LENGTH DATA ELEMENTS
- fixed length control field: 230606|| aca||aabn | a|a d
040 ## - CATALOGING SOURCE
- Original cataloging agency: JO-AjAnu
- Transcribing agency: JO-AjAnu
100 ## - HEADING--PERSONAL NAME
- Personal name: حسن، علي عبد الستار علي
670 ## - SOURCE DATA FOUND
- Source citation: Work cat.: (JO-AjAnu)15753: حسن، علي عبد الستار علي , author, الأرباح التجارية من منظور الفقه الإسلامي